000 00867nam a2200313Ia 4500
003 OSt
005 20220912145321.0
006 a|||||r|||| 00| 0
007 ta
008 220909b |||||||| |||| 00| 0 eng d
020 _a9780470119266 (pbk)
024 _a83595
037 _cTextbook
040 _aCSL
_beng
_cCSL
041 _aeng
082 _aG:55, P8 Carg
100 _aRaven Peter H
245 0 _aEnvironment
250 _a6
260 _aNew Jersey
_bWiley
_c2008
300 _axx, 599p.
_ccm.
500 _aAppendices I-V, A1-A-23p.; Glossary G1-G5p.; Index I1-I20p.
650 _a Environment
650 _aEnvironmental biology
700 _a Berg Linda R
700 _a Hassenzahl David M
942 _hG:55, P8 Carg
_cTB
_2CC
999 _c28816
_d28816